Aktuálne vývojové tendencie v ekonomike krajín EÚ
Odhady Európskej komisie ohľadne hospodárskeho rastu svetovej ekonomiky. Rast súkromnej spotreby v krajinách EÚ. Oživenie hospodárstva krajín EÚ. (Štvrté pokračovanie seriálu o hospodárskej situácii vo svete. Ďalšia časť v čísle 78).
Guardado en:
| Autor principal: | |
|---|---|
| Formato: | Libro |
| Lenguaje: | eslovaco |
| Materias: | |
| Etiquetas: |
Sin Etiquetas, Sea el primero en etiquetar este registro!
|
MARC
| LEADER | 00000nam a2200000 4500 | ||
|---|---|---|---|
| 001 | r031209 | ||
| 005 | 20230824095015.2 | ||
| 041 | 0 | |a slo | |
| 044 | |a SK | ||
| 245 | 1 | 0 | |a Aktuálne vývojové tendencie v ekonomike krajín EÚ |c Ján Artur Oberhauser |
| 520 | |a Odhady Európskej komisie ohľadne hospodárskeho rastu svetovej ekonomiky. Rast súkromnej spotreby v krajinách EÚ. Oživenie hospodárstva krajín EÚ. (Štvrté pokračovanie seriálu o hospodárskej situácii vo svete. Ďalšia časť v čísle 78). | ||
| 610 | 2 | 0 | |a situácia hospodárska |
| 610 | 2 | 0 | |a rast hospodársky |
| 610 | 2 | 0 | |a makroekonomika |
| 610 | 2 | 0 | |a investície |
| 610 | 2 | 0 | |a Európska únia |
| 610 | 2 | 0 | |a Európa |
| 610 | 2 | 0 | |a USA |
| 610 | 2 | 0 | |a SVE |
| 610 | 2 | 0 | |a Ázia |
| 100 | 1 | |a Oberhauser, Ján Artur | |